Environmental concerns and strategics (Record no. 519539)

000 -LEADER
fixed length control field 00363nam a22001097a 4500
082 ## - DEWEY DECIMAL CLASSIFICATION NUMBER
Classification number TNC O91x54 K528
100 ## - MAIN ENTRY--PERSONAL NAME
Personal name Khoshoo, T.N.
9 (RLIN) 30657
245 ## - TITLE STATEMENT
Title Environmental concerns and strategics
Remainder of title second revised and enlarged edition
Statement of responsibility, etc by T.N. Khoshoo
260 ## - PUBLICATION, DISTRIBUTION, ETC. (IMPRINT)
Place of publication, distribution, etc New Delhi
Name of publisher, distributor, etc Ashish Publication House
Date of publication, distribution, etc 1988
300 ## - PHYSICAL DESCRIPTION
Extent 687p
650 ## - SUBJECT ADDED ENTRY--TOPICAL TERM
Topical term or geographic name as entry element Environment - India
9 (RLIN) 30658
Holdings
Withdrawn status Lost status Source of classification or shelving scheme Damaged status Koha normalized classification for sorting Not for loan Permanent location Current location Date acquired Full call number Barcode Date last seen Price effective from Koha item type
        TNC_O91X54_K528   Indian Institute of Public Administration Indian Institute of Public Administration 2022-03-17 TNC O91x54 K528 GR23953 2022-03-17 2022-03-17 GR

Powered by Koha